| 000 | 01174naa a22003377a 4500 | ||
|---|---|---|---|
| 001 | BR7907454 | ||
| 003 | BR-BrBNA | ||
| 005 | 20240918174509.0 | ||
| 007 | ta | ||
| 008 | 230509b bl.||||| |||| 00| 0 por d | ||
| 040 |
_aBR-BrBNA _bpor _cBiblioteca Nacional de Agricultura |
||
| 041 | _a(Pt) | ||
| 072 |
_aL10; L30 _b5213 |
||
| 090 | _aL10 BR7907454 | ||
| 100 | 1 | _aRibeiro, J.A.R. | |
| 111 | 1 |
_a2. Simposio sobre Pecuaria de Corte _cPiracicaba, SP (Brazil) _d4 Jul 1978 |
|
| 245 | 1 | _aFatores que influem no comprimento da gestacao, crescimento pre e pos-natal ate o desmame e mortalidade peri-natal de bovinos de corte | |
| 260 | 3 |
_aPiracicaba, SP (Brasil): _c1979. |
|
| 500 | _aAnais do 2. Simposio sobre Pecuaria de Corte Piracicaba, SP (Brasil): 1979. p. 49 (BR7907454-AM)L10 | ||
| 650 | _aGADO DE CORTE | ||
| 650 | _aPRENHEZ | ||
| 650 | _aRACA | ||
| 650 | _aVIGOR HIBRIDO | ||
| 650 | _aCRUZAMENTO | ||
| 650 | _aPESO | ||
| 650 | _aDESMAMA | ||
| 650 | _aNUTRICAO ANIMAL | ||
| 773 | 0 |
_tAnais do 2. Simposio sobre Pecuaria de Corte _wL10 BR7907454 _gPiracicaba, SP (Brasil), 1979. p. 49 |
|
| 909 |
_a202404 _bLucia _c55 _dLucia Elande |
||
| 942 |
_cAM _2AGRIS |
||
| 999 |
_c311606 _d311606 |
||